[Event "Torino Sada op"]
[Site "Torino"]
[Date "2013.10.21"]
[Round "6"]
[White "Barbiso, Tiziana"]
[Black "Menzio, Sandro"]
[Result "1-0"]
[WhiteElo "1998"]
[BlackElo "1667"]
[PlyCount "83"]
[EventDate "2013.09.16"]
[EventType "swiss"]
[EventRounds "7"]
[EventCountry "ITA"]
[SourceTitle "EXT 2018"]
[Source "ChessBase"]
[SourceDate "2017.10.13"]
[SourceVersion "1"]
[SourceVersionDate "2017.10.13"]
[SourceQuality "1"]

1. e4 c5 2. Nf3 d6 3. d4 cxd4 4. Qxd4 Nc6 5. Bb5 Bd7 6. Bxc6 bxc6 7. c4 Nf6 8. Nc3 e5 9. Qd3 h6 10. 0-0 Be7 11. Rd1 Qc7 12. b3 0-0-0 13. b4 g5 14. a4 g4 15. Ne1 Nh5 16. g3 Be6 17. b5 Nf6 18. Be3 c5 19. a5 Qb7 20. Rdb1 h5 21. a6 Qa8 22. b6 axb6 23. Rxb6 h4 24. Nd5 Bxd5 25. exd5 hxg3 26. Qf5+ Rd7 27. fxg3 Rh5 28. Qb1 Ra7 29. Rc6+ Kd8 30. Qb6+ Kd7 31. Nd3 Ne8 32. Nf2 f5 33. Nd1 Bd8 34. Qb5 Ke7 35. Nc3 Nc7 36. Qa4 Qc8 37. Nb5 Ra8 38. Nxd6 Qd7 39. Bxc5 Ne6 40. dxe6 Kxe6 41. Nb7+ Kf7 42. Rf6+ 1-0

[Event "Torino Sada op"]
[Site "Torino"]
[Date "2013.10.14"]
[Round "5"]
[White "Berutti, Mario"]
[Black "Barbiso, Tiziana"]
[Result "0-1"]
[WhiteElo "1795"]
[BlackElo "1998"]
[PlyCount "86"]
[EventDate "2013.09.16"]
[EventType "swiss"]
[EventRounds "7"]
[EventCountry "ITA"]
[SourceTitle "EXT 2018"]
[Source "ChessBase"]
[SourceDate "2017.10.13"]
[SourceVersion "1"]
[SourceVersionDate "2017.10.13"]
[SourceQuality "1"]

1. e4 c5 2. d4 cxd4 3. c3 dxc3 4. Nxc3 Nc6 5. Bc4 d6 6. Nf3 a6 7. a3 Nf6 8. e5 dxe5 9. Qxd8+ Nxd8 10. Nxe5 e6 11. Be3 Bd6 12. Nf3 b5 13. Ba2 Bb7 14. 0-0-0 Be7 15. Nd4 Rc8 16. f3 Bxa3 17. Kb1 Bb4 18. Nce2 Nc6 19. Rc1 0-0 20. Nxe6 Rfe8 21. N2f4 h6 22. Bb6 Bd2 23. Rcd1 Ba5 24. Nc5 Bxb6 25. Nxb7 Bc7 26. Nd5 Nxd5 27. Bxd5 Nb4 28. Bb3 Re7 29. Rhe1 Rce8 30. Rxe7 Rxe7 31. Nd8 Bxd8 32. Rxd8+ Kh7 33. Kc1 Re2 34. Rd2 Re7 35. Rd4 a5 36. Kd2 f6 37. Rd6 Kg6 38. h4 h5 39. Be6 Rc7 40. Bb3 a4 41. Bd1 Rc5 42. Rd4 Nc6 43. Bc2+ Rxc2+ 0-1

[Event "Torino Sada op"]
[Site "Torino"]
[Date "2013.09.30"]
[Round "3"]
[White "De Barberis, Massimo"]
[Black "Barbiso, Tiziana"]
[Result "1/2-1/2"]
[WhiteElo "2102"]
[BlackElo "1998"]
[PlyCount "141"]
[EventDate "2013.09.16"]
[EventType "swiss"]
[EventRounds "7"]
[EventCountry "ITA"]
[SourceTitle "EXT 2018"]
[Source "ChessBase"]
[SourceDate "2017.10.13"]
[SourceVersion "1"]
[SourceVersionDate "2017.10.13"]
[SourceQuality "1"]

1. e4 e6 2. d4 d5 3. e5 c5 4. c3 Nc6 5. Nf3 Bd7 6. a3 Qb6 7. b4 cxd4 8. cxd4 Rc8 9. Be3 Nh6 10. Bd3 Ng4 11. 0-0 Be7 12. Qd2 Nxe3 13. fxe3 0-0 14. Nc3 Nb8 15. e4 Bc6 16. exd5 Bxd5 17. Nxd5 exd5 18. Rac1 Nd7 19. Bf5 Rxc1 20. Rxc1 Rd8 21. Qc2 Nxe5 22. Bxh7+ Kf8 23. Nxe5 Qxd4+ 24. Qf2 Qxe5 25. Rf1 Bf6 26. Qf3 d4 27. g3 d3 28. Be4 b6 29. Rd1 d2 30. Kf2 Re8 31. Bd3 g6 32. Kg2 Bg5 33. Bxg6 Qe2+ 34. Qxe2 Rxe2+ 35. Kf3 Rxh2 36. Bd3 Ke7 37. a4 Kd6 38. a5 Kd5 39. axb6 axb6 40. Rb1 Kd4 41. Bc2 Rh8 42. Bd1 Re8 43. b5 Re1 44. Rb4+ Kc5 45. Rb1 f6 46. Kf2 Re3 47. Be2 Rc3 48. Rd1 Rc1 49. g4 Rxd1 50. Bxd1 Kxb5 51. Ke2 Kc4 52. Bc2 Kc3 53. Kd1 b5 54. Bf5 b4 55. Bd7 Kb2 56. Be6 b3 57. Bd5 Ka3 58. Be4 b2 59. Bb1 Kb3 60. Ke2 Kc3 61. Bf5 Kd4 62. Bc2 Ke5 63. Bb1 Be3 64. Bc2 Kf4 65. Bf5 Kg3 66. Kd1 b1Q+ 67. Bxb1 Kxg4 68. Ke2 f5 69. Bc2 f4 70. Be4 Kg3 71. Bd5 1/2-1/2

[Event "Torino Epifania op"]
[Site "Torino"]
[Date "2013.01.03"]
[Round "2"]
[White "Barbiso, Tiziana"]
[Black "Petritaj, Ferdinando"]
[Result "0-1"]
[WhiteElo "1971"]
[BlackElo "2172"]
[PlyCount "66"]
[EventDate "2013.01.02"]
[EventType "swiss"]
[EventRounds "6"]
[EventCountry "ITA"]
[SourceTitle "EXT 2014"]
[Source "ChessBase"]
[SourceDate "2013.11.20"]
[SourceVersion "1"]
[SourceVersionDate "2013.11.20"]
[SourceQuality "1"]

1. e4 c6 2. d4 d5 3. exd5 cxd5 4. c3 Nf6 5. Bf4 Nc6 6. Bd3 Bg4 7. Qb3 Qc8 8. Nd2 e6 9. Ngf3 Be7 10. 0-0 0-0 11. Rae1 Re8 12. Ne5 Nxe5 13. Bxe5 Nd7 14. Qc2 Nf8 15. Re3 Bh5 16. Rg3 Bg6 17. Nf3 Qd8 18. Rg4 f6 19. Bf4 Bd6 20. Bxd6 Qxd6 21. Nh4 Bxd3 22. Qxd3 Re7 23. f4 Nd7 24. Rf3 Rb8 25. Rh3 f5 26. Nf3 fxg4 27. Qxh7+ Kf7 28. Qh5+ g6 29. Ng5+ Ke8 30. Qh8+ Nf8 31. Rh7 Rxh7 32. Nxh7 Qxf4 33. Nf6+ Kf7 0-1

[Event "Torino-ch"]
[Site "Torino"]
[Date "2012.11.26"]
[Round "4"]
[White "Yao, Stefano"]
[Black "Barbiso, Tiziana"]
[Result "1-0"]
[WhiteElo "1860"]
[BlackElo "2008"]
[PlyCount "65"]
[EventDate "2012.11.07"]
[EventType "swiss"]
[EventRounds "7"]
[EventCountry "ITA"]
[SourceTitle "EXT 2014"]
[Source "ChessBase"]
[SourceDate "2013.11.20"]
[SourceVersion "1"]
[SourceVersionDate "2013.11.20"]
[SourceQuality "1"]

1. Nf3 d5 2. c4 e6 3. g3 c6 4. b3 Nf6 5. Bg2 Bd6 6. Bb2 Nbd7 7. d4 dxc4 8. bxc4 c5 9. e3 0-0 10. 0-0 Nb6 11. Qc2 Bd7 12. a4 Bc6 13. a5 Nbd7 14. Nc3 a6 15. Rfd1 cxd4 16. exd4 Rc8 17. Qb3 Qc7 18. Qa2 Ne4 19. d5 Nxc3 20. Bxc3 exd5 21. cxd5 Bb5 22. Rac1 Bc4 23. Qa1 f6 24. Nd4 Nc5 25. Bb2 Bb5 26. Ne6 Qf7 27. Nxf8 Rxf8 28. Qa3 Ne4 29. Qe3 f5 30. f3 Nf6 31. Bxf6 Qxf6 32. Qe6+ Qf7 33. Qxd6 1-0

[Event "Torino-ch"]
[Site "Torino"]
[Date "2012.11.19"]
[Round "3"]
[White "Barbiso, Tiziana"]
[Black "Pepino, Enrico"]
[Result "0-1"]
[WhiteElo "2008"]
[BlackElo "2157"]
[PlyCount "60"]
[EventDate "2012.11.07"]
[EventType "swiss"]
[EventRounds "7"]
[EventCountry "ITA"]
[SourceTitle "EXT 2014"]
[Source "ChessBase"]
[SourceDate "2013.11.20"]
[SourceVersion "1"]
[SourceVersionDate "2013.11.20"]
[SourceQuality "1"]

1. e4 c5 2. Nc3 Nc6 3. f4 g6 4. Nf3 Bg7 5. Bb5 Nd4 6. a4 a6 7. Bd3 e6 8. Nxd4 cxd4 9. Ne2 Ne7 10. 0-0 0-0 11. b3 d6 12. Ba3 Nc6 13. e5 dxe5 14. Bxf8 Qxf8 15. Rb1 f5 16. fxe5 Nxe5 17. Bc4 Qd6 18. Kh1 Bd7 19. Ng1 Re8 20. Be2 Nf7 21. Bf3 e5 22. Bxb7 e4 23. Qe2 d3 24. cxd3 Rb8 25. Bxe4 fxe4 26. dxe4 Be6 27. b4 Ne5 28. Rfe1 Bc4 29. Qe3 Nd3 30. Rf1 Bd4 0-1

[Event "Torino Sada op"]
[Site "Torino"]
[Date "2012.10.04"]
[Round "3"]
[White "Barbiso, Tiziana"]
[Black "Berutti, Mario"]
[Result "1-0"]
[WhiteElo "2032"]
[BlackElo "1794"]
[PlyCount "51"]
[EventDate "2012.09.17"]
[EventType "swiss"]
[EventRounds "7"]
[EventCountry "ITA"]
[SourceTitle "EXT 2018"]
[Source "ChessBase"]
[SourceDate "2017.10.13"]
[SourceVersion "1"]
[SourceVersionDate "2017.10.13"]
[SourceQuality "1"]

1. e4 e5 2. Nf3 Nf6 3. Nxe5 d6 4. Nf3 Nxe4 5. d4 d5 6. Bd3 Bd6 7. 0-0 0-0 8. Re1 f5 9. c4 c6 10. Nc3 Nd7 11. cxd5 Nxc3 12. bxc3 cxd5 13. Qb3 Nf6 14. Bg5 Kh8 15. Rad1 Qa5 16. c4 Bd7 17. Bxf6 Ba4 18. Qxb7 gxf6 19. Bxf5 Bc7 20. Rc1 dxc4 21. Qe4 Rae8 22. Qg4 Rxe1+ 23. Rxe1 Qd5 24. Re7 Qg8 25. Qh5 Be8 26. Rxh7+ 1-0

[Event "Olympiad Women-40"]
[Site "Istanbul"]
[Date "2012.08.28"]
[Round "1.4"]
[White "Barbiso, Tiziana"]
[Black "Francis, Onkemetse"]
[Result "1-0"]
[WhiteElo "2048"]
[BlackElo "1713"]
[PlyCount "43"]
[EventDate "2012.08.28"]
[EventType "team-swiss"]
[EventRounds "11"]
[EventCountry "TUR"]
[SourceTitle "CBM 150 Extra"]
[Source "ChessBase"]
[SourceDate "2012.10.19"]
[SourceVersion "1"]
[SourceVersionDate "2012.10.19"]
[SourceQuality "1"]
[WhiteTeam "Italy (W)"]
[BlackTeam "Botswana (W)"]
[WhiteTeamCountry "ITA"]
[BlackTeamCountry "BOT"]

1. e4 d5 2. exd5 Qxd5 3. Nc3 Qd8 4. Bc4 Nf6 5. Nf3 e6 6. d4 Be7 7. 0-0 Nbd7 8. Qe2 0-0 9. Re1 Nb6 10. Bb3 c6 11. Bg5 h6 12. Bh4 Re8 13. Rad1 Qc7 14. Ne5 Nfd5 15. Bg3 Qd8 16. Nb1 Nf6 17. c4 Bd7 18. Bc2 Bf8 19. Nc3 Qe7 20. f4 Nh7 21. Qd3 g6 22. Ne4 1-0

[Event "ITA-ch (Women) 39th"]
[Site "Acqui Terme"]
[Date "2012.07.28"]
[Round "7"]
[White "Barbiso, Tiziana"]
[Black "Monticone, Sonia"]
[Result "0-1"]
[WhiteElo "2048"]
[BlackElo "1882"]
[PlyCount "94"]
[EventDate "2012.07.23"]
[EventType "swiss"]
[EventRounds "8"]
[EventCountry "ITA"]
[SourceTitle "EXT 2023"]
[Source "ChessBase"]
[SourceDate "2022.10.05"]
[SourceVersion "1"]
[SourceVersionDate "2022.10.05"]
[SourceQuality "1"]

1. e4 c5 2. Nf3 e6 3. d4 cxd4 4. Nxd4 a6 5. Nc3 Qc7 6. Be2 Nf6 7. 0-0 b6 8. f4 d6 9. Bf3 Bb7 10. Kh1 Be7 11. Be3 Nbd7 12. Nb3 0-0 13. g4 Nc5 14. Nxc5 dxc5 15. g5 Rfd8 16. Qe2 Ne8 17. a4 Nd6 18. Bg2 g6 19. Bg1 Rab8 20. Qg4 b5 21. Rae1 bxa4 22. Nxa4 Bc6 23. Nxc5 Rxb2 24. Nxe6 fxe6 25. Qxe6+ Nf7 26. f5 Qd7 27. Qc4 Rb4 28. Qc3 Bb5 29. fxg6 hxg6 30. Rf2 Rc8 31. Qg3 Qc7 32. e5 Qc3 33. Bd5 Bc6 34. Qg2 Bxd5 35. Qxd5 Qc6 36. Rd2 Qxd5+ 37. Rxd5 Rb5 38. Rd7 Bb4 39. Re2 Rxe5 40. Rf2 Rf8 41. Rf6 Rxg5 42. Rxa6 Ne5 43. Rd5 Rf1 44. Ra8+ Kf7 45. Ra7+ Ke6 46. Rxe5+ Kxe5 47. h4 Rfxg1+ 0-1

[Event "ITA-ch (Women) 39th"]
[Site "Acqui Terme"]
[Date "2012.07.27"]
[Round "6"]
[White "Gueci, Tea"]
[Black "Barbiso, Tiziana"]
[Result "1-0"]
[WhiteElo "1926"]
[BlackElo "2048"]
[PlyCount "106"]
[EventDate "2012.07.23"]
[EventType "swiss"]
[EventRounds "8"]
[EventCountry "ITA"]
[SourceTitle "EXT 2023"]
[Source "ChessBase"]
[SourceDate "2022.10.05"]
[SourceVersion "1"]
[SourceVersionDate "2022.10.05"]
[SourceQuality "1"]

1. e4 c5 2. Nf3 d6 3. d4 cxd4 4. Nxd4 Nf6 5. Nc3 a6 6. f3 e5 7. Nb3 Be6 8. Be3 Be7 9. Qd2 Nbd7 10. 0-0-0 0-0 11. g4 Nb6 12. g5 Nh5 13. Kb1 Rc8 14. Rg1 g6 15. h4 Nc4 16. Bxc4 Bxc4 17. Nd5 Bxd5 18. Qxd5 Qc7 19. Rg2 b5 20. Nc1 Kh8 21. Nd3 f6 22. f4 exf4 23. Bxf4 fxg5 24. Bxg5 Bxg5 25. hxg5 Nf4 26. Nxf4 Rxf4 27. a3 Qc4 28. Qxd6 Rf1 29. Rh2 Rcf8 30. Qe5+ Kg8 31. Rhd2 Rxd1+ 32. Rxd1 Rf1 33. Qe8+ Kg7 34. Qe7+ Kg8 35. Qd8+ Kg7 36. e5 Qe2 37. Qd7+ Kg8 38. Qd5+ Kg7 39. Rxf1 Qxf1+ 40. Ka2 Qc4+ 41. Qxc4 bxc4 42. b4 cxb3+ 43. Kxb3 h5 44. gxh6+ Kxh6 45. c4 Kg7 46. c5 Kf7 47. c6 Ke7 48. Kc4 Kd8 49. Kd5 g5 50. Kd6 g4 51. c7+ Kc8 52. e6 g3 53. e7 g2 1-0

[Event "ITA-ch (Women) 39th"]
[Site "Acqui Terme"]
[Date "2012.07.26"]
[Round "5"]
[White "Santeramo, Alessia Carmen"]
[Black "Barbiso, Tiziana"]
[Result "0-1"]
[WhiteElo "1834"]
[BlackElo "2048"]
[PlyCount "86"]
[EventDate "2012.07.23"]
[EventType "swiss"]
[EventRounds "8"]
[EventCountry "ITA"]
[SourceTitle "EXT 2023"]
[Source "ChessBase"]
[SourceDate "2022.10.05"]
[SourceVersion "1"]
[SourceVersionDate "2022.10.05"]
[SourceQuality "1"]

1. e4 c5 2. Nf3 d6 3. d4 cxd4 4. Qxd4 Nc6 5. Bb5 Bd7 6. Bxc6 Bxc6 7. Nc3 Nf6 8. Bg5 e6 9. Qd3 a6 10. Nd4 Be7 11. 0-0-0 Qc7 12. f4 Rd8 13. Kb1 b5 14. f5 Bd7 15. h4 Rc8 16. Rc1 Qc4 17. Qxc4 Rxc4 18. Rcd1 b4 19. Bxf6 gxf6 20. Nce2 Rg8 21. b3 Rc8 22. g3 Rg4 23. fxe6 fxe6 24. Rhe1 Rxe4 25. Nc1 Rxe1 26. Rxe1 e5 27. Nf3 Bf5 28. Re2 Rc3 29. Rf2 Bg6 30. g4 d5 31. h5 Be4 32. Nh2 Kf7 33. g5 f5 34. Ng4 Ke6 35. Nh6 Bxg5 36. Ng8 Kf7 37. Nd3 Bxd3 38. cxd3 Kxg8 39. Rxf5 h6 40. Rxe5 Rxd3 41. Kc2 Rd2+ 42. Kb1 Kf7 43. Rf5+ Ke6 0-1

[Event "ITA-chT (Women)"]
[Site "Arvier"]
[Date "2012.05.01"]
[Round "5"]
[White "Gueci, Laura"]
[Black "Barbiso, Tiziana"]
[Result "1/2-1/2"]
[WhiteElo "1830"]
[BlackElo "2060"]
[PlyCount "82"]
[EventDate "2012.04.28"]
[EventType "team-tourn"]
[EventRounds "5"]
[EventCountry "ITA"]
[SourceTitle "CBM 148 Extra"]
[Source "ChessBase"]
[SourceDate "2012.06.22"]
[SourceVersion "1"]
[SourceVersionDate "2012.06.22"]
[SourceQuality "1"]
[WhiteTeam "Chieti U16 (W)"]
[BlackTeam "Torino (W)"]
[WhiteTeamCountry "ITA"]
[BlackTeamCountry "ITA"]

1. c4 e6 2. Nf3 Nf6 3. g3 d5 4. b3 Bd6 5. Bb2 0-0 6. Bg2 Nbd7 7. 0-0 b6 8. d3 Bb7 9. Nbd2 c5 10. cxd5 exd5 11. d4 Re8 12. Rc1 Rc8 13. Re1 Ne4 14. dxc5 Ndxc5 15. Nd4 g6 16. N2f3 Qe7 17. Nb5 Bb8 18. Qd4 f6 19. Bh3 Rcd8 20. Nc3 Ne6 21. Qd3 N6g5 22. Nxg5 Nxg5 23. Bg2 d4 24. Qc4+ Kg7 25. Nd5 Qd6 26. Nf4 Bxg2 27. Kxg2 Qd7 28. Qc6 Qf5 29. Nd3 Qg4 30. e3 Qh3+ 31. Kg1 Qf5 32. Red1 dxe3 33. fxe3 Ne4 34. Nf4 Bxf4 35. exf4 Rxd1+ 36. Rxd1 Qc5+ 37. Qxc5 Nxc5 38. Rd2 Re1+ 39. Kf2 Rh1 40. Kg2 Re1 41. Kf2 Rh1 1/2-1/2

[Event "ITA-chT (Women)"]
[Site "Arvier"]
[Date "2012.04.30"]
[Round "4"]
[White "Barbiso, Tiziana"]
[Black "Miracola, Giorgia"]
[Result "1-0"]
[WhiteElo "2060"]
[BlackElo "1796"]
[PlyCount "111"]
[EventDate "2012.04.28"]
[EventType "team-tourn"]
[EventRounds "5"]
[EventCountry "ITA"]
[SourceTitle "CBM 148 Extra"]
[Source "ChessBase"]
[SourceDate "2012.06.22"]
[SourceVersion "1"]
[SourceVersionDate "2012.06.22"]
[SourceQuality "1"]
[WhiteTeam "Torino (W)"]
[BlackTeam "Accademia Milanese (W)"]
[WhiteTeamCountry "ITA"]
[BlackTeamCountry "ITA"]

1. e4 c5 2. Nc3 Nc6 3. f4 g6 4. Nf3 Bg7 5. Bb5 Nd4 6. Bd3 e6 7. Nxd4 cxd4 8. Nb5 d6 9. c3 dxc3 10. dxc3 a6 11. Qa4 Kf8 12. Nd4 Ne7 13. 0-0 d5 14. Be3 Bd7 15. Qb4 a5 16. Qxb7 Rb8 17. Qa7 Kg8 18. f5 exf5 19. exf5 Be5 20. Bf4 Ra8 21. Qc5 Rc8 22. Qa3 Bxd4+ 23. cxd4 Nxf5 24. Rac1 h5 25. Rxc8 Bxc8 26. Qc5 Kh7 27. Bc7 Qg5 28. Bf4 Qd8 29. Qc1 Qb6 30. Be5 Re8 31. Kh1 f6 32. Qc7+ Qxc7 33. Bxc7 Re7 34. Bxa5 Ra7 35. b4 Re7 36. Kg1 Nxd4 37. Rxf6 Bf5 38. Bf1 Ne6 39. b5 Kg7 40. Bc3 d4 41. Rxe6 Bxe6 42. Bxd4+ Kf7 43. a4 Bd5 44. a5 Ke6 45. b6 Ba8 46. a6 Kd5 47. Bf2 Kc6 48. Bd3 g5 49. Kf1 h4 50. Be2 Kd7 51. b7 Bxb7 52. axb7 Kc7 53. Ba6 Kb8 54. g3 h3 55. g4 Re6 56. Bg3+ 1-0

[Event "ITA-chT (Women)"]
[Site "Arvier"]
[Date "2012.04.28"]
[Round "1"]
[White "Barbiso, Tiziana"]
[Black "Panella, Fiammetta"]
[Result "0-1"]
[WhiteElo "2060"]
[BlackElo "2013"]
[PlyCount "72"]
[EventDate "2012.04.28"]
[EventType "team-tourn"]
[EventRounds "5"]
[EventCountry "ITA"]
[SourceTitle "CBM 148 Extra"]
[Source "ChessBase"]
[SourceDate "2012.06.22"]
[SourceVersion "1"]
[SourceVersionDate "2012.06.22"]
[SourceQuality "1"]
[WhiteTeam "Torino (W)"]
[BlackTeam "Vitinia  (W)"]
[WhiteTeamCountry "ITA"]
[BlackTeamCountry "ITA"]

1. e4 c5 2. Nc3 e6 3. Nf3 a6 4. d4 cxd4 5. Nxd4 Qc7 6. Be2 Nf6 7. 0-0 Nc6 8. Kh1 Be7 9. f4 d6 10. a4 0-0 11. Be3 Rd8 12. Bf3 Bd7 13. Nb3 Na5 14. Nxa5 Qxa5 15. Qe2 Bc6 16. Qc4 d5 17. exd5 Nxd5 18. Bd4 Rac8 19. Ne2 Bb5 20. Qb3 Bc4 21. Qxb7 Rc7 22. Bb6 Qxb6 23. Qxb6 Nxb6 24. b3 Bxe2 25. Bxe2 a5 26. Bd3 Nd5 27. f5 Ne3 28. Rf2 Bf6 29. Re1 Nxf5 30. Bxf5 exf5 31. Rxf5 Bc3 32. Rd5 Rdc8 33. Re2 g6 34. g3 Kf8 35. Kg2 Re7 36. Rf2 Re1 0-1

[Event "Torino Trofeo Perelli"]
[Site "Torino"]
[Date "2012.04.12"]
[Round "5"]
[White "Mattavelli, Italo"]
[Black "Barbiso, Tiziana"]
[Result "0-1"]
[WhiteElo "1793"]
[BlackElo "2060"]
[PlyCount "72"]
[EventDate "2012.03.12"]
[EventType "swiss"]
[EventRounds "7"]
[EventCountry "ITA"]
[SourceTitle "EXT 2018"]
[Source "ChessBase"]
[SourceDate "2017.10.13"]
[SourceVersion "1"]
[SourceVersionDate "2017.10.13"]
[SourceQuality "1"]

1. e4 c5 2. c3 Nf6 3. e5 Nd5 4. d4 cxd4 5. cxd4 g6 6. Bc4 Nb6 7. Bb3 Bg7 8. Nf3 0-0 9. 0-0 d6 10. Qe2 Nc6 11. e6 Nxd4 12. exf7+ Kh8 13. Nxd4 Bxd4 14. Nc3 Bg7 15. Bg5 Bf6 16. Ne4 d5 17. Nxf6 exf6 18. Bh6 Rxf7 19. Rfe1 Bd7 20. Rad1 Bc6 21. h4 Qd6 22. Qg4 Bd7 23. Qd4 Re8 24. Rxe8+ Bxe8 25. Re1 Re7 26. Rc1 Re4 27. Qd2 Rxh4 28. g3 Re4 29. Bf4 Qe7 30. Bxd5 Nxd5 31. Qxd5 Re1+ 32. Kh2 Bc6 33. Qd4 Rxc1 34. Bxc1 Kg7 35. Qh4 g5 36. Qd4 Qe1 0-1

[Event "Torino-ch 36th"]
[Site "Torino"]
[Date "2011.12.04"]
[Round "7"]
[White "Quirico, Paolo"]
[Black "Barbiso, Tiziana"]
[Result "1/2-1/2"]
[WhiteElo "2172"]
[BlackElo "2047"]
[PlyCount "33"]
[EventDate "2011.11.07"]
[EventType "swiss"]
[EventRounds "7"]
[EventCountry "ITA"]
[SourceTitle "EXT 2015"]
[Source "ChessBase"]
[SourceDate "2014.11.20"]
[SourceVersion "1"]
[SourceVersionDate "2014.11.20"]
[SourceQuality "1"]

1. d4 d5 2. Bf4 Nf6 3. e3 e6 4. Nf3 c5 5. Nbd2 Nc6 6. c3 Bd6 7. Bg3 0-0 8. Bd3 Qe7 9. Ne5 Nd7 10. f4 f5 11. Nxc6 bxc6 12. Nf3 Nf6 13. 0-0 Ne4 14. Bxe4 fxe4 15. Ne5 Ba6 16. Rf2 Bxe5 17. dxe5 1/2-1/2

[Event "ITA-ch (Women)"]
[Site "Montecatini Terme"]
[Date "2011.07.31"]
[Round "1"]
[White "Balzano, Filli"]
[Black "Barbiso, Tiziana"]
[Result "1/2-1/2"]
[WhiteElo "1822"]
[BlackElo "2072"]
[PlyCount "66"]
[EventDate "2011.07.31"]
[EventType "swiss"]
[EventRounds "9"]
[EventCountry "ITA"]
[SourceTitle "EXT 2017"]
[Source "ChessBase"]
[SourceDate "2016.10.25"]
[SourceVersion "1"]
[SourceVersionDate "2016.10.25"]
[SourceQuality "1"]

1. e4 e6 2. d4 d5 3. e5 c5 4. c3 Nc6 5. Nf3 Bd7 6. a3 Qb6 7. b4 cxd4 8. cxd4 Rc8 9. Bb2 Nge7 10. Nbd2 Nf5 11. Nb1 h5 12. Be2 Na5 13. 0-0 Nc4 14. Bc3 Be7 15. Bd3 a5 16. bxa5 Nxa5 17. Bxa5 Qxa5 18. Qb3 Qa4 19. Qxa4 Bxa4 20. Nbd2 0-0 21. Rfc1 g6 22. Kf1 Rc6 23. Rxc6 Bxc6 24. a4 Rc8 25. Bb5 Bb4 26. Bxc6 Rxc6 27. Nb3 Bc3 28. Rc1 Rc4 29. Ke2 Bb2 30. Rxc4 dxc4 31. Na5 Nxd4+ 32. Nxd4 Bxd4 33. Nxc4 Kf8 1/2-1/2

[Event "Torino 150 Italy Unity op"]
[Site "Torino"]
[Date "2011.06.05"]
[Round "9"]
[White "Barbiso, Tiziana"]
[Black "Finocchiaro, Gianluca"]
[Result "1/2-1/2"]
[WhiteElo "2024"]
[BlackElo "2151"]
[PlyCount "142"]
[EventDate "2011.05.31"]
[EventType "swiss"]
[EventRounds "9"]
[EventCountry "ITA"]
[SourceTitle "EXT 2014"]
[Source "ChessBase"]
[SourceDate "2013.11.20"]
[SourceVersion "1"]
[SourceVersionDate "2013.11.20"]
[SourceQuality "1"]

1. e4 Nc6 2. Nc3 d6 3. Bc4 g6 4. f4 Bg7 5. Nf3 Nf6 6. 0-0 e5 7. d3 0-0 8. Qe1 Na5 9. Bb3 Nxb3 10. axb3 exf4 11. Bxf4 Nh5 12. Bg5 Bf6 13. Be3 c6 14. Qf2 c5 15. e5 dxe5 16. Bxc5 Nf4 17. Bxf8 Qxf8 18. Ne4 Be7 19. Nxe5 g5 20. Kh1 f5 21. Ng3 Be6 22. c4 b6 23. Ne2 Nh5 24. Nd4 Qh6 25. Nxe6 f4 26. Nxg5 Ng3+ 27. Kg1 Bc5 28. Qxc5 bxc5 29. hxg3 Qxg5 30. gxf4 Qf5 31. Rf3 Kh8 32. Ra6 Rg8 33. Rxa7 Rg7 34. Rxg7 Kxg7 35. Kf2 Qe6 36. Ke2 Qd6 37. Kf1 Qe6 38. Ke2 h5 39. Kd2 Qd6 40. Kc2 Qd4 41. g3 Kf6 42. b4 cxb4 43. Kb3 Ke6 44. Kxb4 Qxb2+ 45. Kc5 Qa3+ 46. Kd4 Qa1+ 47. Ke4 Qa8+ 48. Ke3 Qa3 49. Ke4 Qa8+ 50. Ke3 Qa3 51. Kf2 Qb2+ 52. Kg1 Qb1+ 53. Kg2 Qb2+ 54. Rf2 Qb6 55. Nf3 Qb4 56. Re2+ Kf6 57. Ng5 Qb3 58. Rd2 Kf5 59. c5 Qd5+ 60. Ne4 Kg4 61. Kh2 Kf5 62. Kg2 Kg4 63. Kf2 Qd4+ 64. Ke2 h4 65. gxh4 Kxf4 66. h5 Qe3+ 67. Kd1 Qf3+ 68. Kc2 Qxh5 69. c6 Qe5 70. Kb3 Qd5+ 71. Kb4 Qxc6 1/2-1/2

[Event "Torino 150 Italy Unity op"]
[Site "Torino"]
[Date "2011.06.04"]
[Round "6"]
[White "Barbiso, Tiziana"]
[Black "Ljubisavljevic, Zivojin Z"]
[Result "1-0"]
[WhiteElo "2024"]
[BlackElo "2215"]
[PlyCount "35"]
[EventDate "2011.05.31"]
[EventType "swiss"]
[EventRounds "9"]
[EventCountry "ITA"]
[SourceTitle "EXT 2014"]
[Source "ChessBase"]
[SourceDate "2013.11.20"]
[SourceVersion "1"]
[SourceVersionDate "2013.11.20"]
[SourceQuality "1"]

1. e4 g6 2. d4 Bg7 3. Nf3 d6 4. c3 Nf6 5. Bd3 c5 6. 0-0 cxd4 7. cxd4 0-0 8. Nc3 Bg4 9. Qb3 Bxf3 10. Qxb7 Bxg2 11. Kxg2 Nbd7 12. a4 Nh5 13. Be3 Bxd4 14. Bxd4 Nf4+ 15. Kh1 Nxd3 16. Nd5 N7c5 17. Qxe7 Qxe7 18. Nxe7# 1-0

[Event "Torino 150 Italy Unity op"]
[Site "Torino"]
[Date "2011.06.04"]
[Round "7"]
[White "Sanchez, Joseph"]
[Black "Barbiso, Tiziana"]
[Result "1-0"]
[WhiteElo "2539"]
[BlackElo "2024"]
[PlyCount "58"]
[EventDate "2011.05.31"]
[EventType "swiss"]
[EventRounds "9"]
[EventCountry "ITA"]
[SourceTitle "EXT 2014"]
[Source "ChessBase"]
[SourceDate "2013.11.20"]
[SourceVersion "1"]
[SourceVersionDate "2013.11.20"]
[SourceQuality "1"]

1. e4 e6 2. d4 d5 3. Nc3 Nf6 4. Bg5 dxe4 5. Nxe4 Be7 6. Bxf6 gxf6 7. Qd2 f5 8. Nc3 Bf6 9. Nf3 c5 10. Bb5+ Bd7 11. dxc5 a6 12. Bxd7+ Nxd7 13. 0-0-0 Nxc5 14. Qe3 Qb6 15. Ne5 Rg8 16. Nc4 Qc6 17. Nd5 Bg7 18. Ne5 Bxe5 19. Qxe5 Kf8 20. Nf6 Rc8 21. c3 Rxg2 22. Rhe1 Qf3 23. Nxh7+ Ke8 24. Nf6+ Kf8 25. Nd5 exd5 26. Qh8+ Rg8 27. Qh6+ Rg7 28. Rg1 Nb3+ 29. axb3 Rxc3+ 1-0

[Event "Turin Epifania op 36th"]
[Site "Turin"]
[Date "2011.01.09"]
[Round "7"]
[White "Ratti, Marco"]
[Black "Barbiso, Tiziana"]
[Result "1/2-1/2"]
[WhiteElo "1944"]
[BlackElo "2042"]
[PlyCount "49"]
[EventDate "2011.01.05"]
[EventType "swiss"]
[EventRounds "7"]
[EventCountry "ITA"]
[SourceTitle "EXT 2012"]
[Source "ChessBase"]
[SourceDate "2011.11.24"]
[SourceVersion "1"]
[SourceVersionDate "2011.11.24"]
[SourceQuality "1"]

1. d4 d5 2. Nf3 Nf6 3. g3 c6 4. Bg2 Bf5 5. 0-0 e6 6. c4 Nbd7 7. Nc3 dxc4 8. a4 Bb4 9. Nh4 Bg6 10. Nxg6 hxg6 11. Bg5 Qa5 12. h4 Nd5 13. Ne4 N7f6 14. Qc2 Nxe4 15. Bxe4 f5 16. Bg2 c3 17. e4 Nf6 18. bxc3 Bxc3 19. Rab1 0-0 20. exf5 gxf5 21. Bxf6 Rxf6 22. Rxb7 Bxd4 23. Qxc6 Rd8 24. Re7 Qe5 25. Qc7 1/2-1/2